000 00282nam a22001097a 4500
008 211013b ||||| |||| 00| 0 eng d
050 _aPeriodical
245 _aEthics
260 _aChicago
_bUniversity of Chicago Press
_c1994
300 _anot specified
942 _2lcc
_cPERIODICAL
999 _c130760
_d130760